|
|
|
|
| LEADER |
00000nam0a2200000 4500 |
| 001 |
113307 |
| 005 |
20231101215121.0 |
| 020 |
|
|
|a RU
|b 85-42053
|
| 035 |
|
|
|a (RuTPU)RU\TPU\book\122544
|
| 090 |
|
|
|a 113307
|
| 100 |
|
|
|a 20070409d1985 d y0rusy5003 ca
|
| 101 |
0 |
|
|a rus
|
| 102 |
|
|
|a RU
|
| 105 |
|
|
|a a z 000ay
|
| 200 |
1 |
|
|a Бедные люди. Роман
|a Двойник. Петербургская поэма
|f Ф. М. Достоевский
|
| 210 |
|
|
|a Москва
|c Советская Россия
|d 1985
|
| 215 |
|
|
|a 272 с.
|c ил.
|d 21 см
|
| 300 |
|
|
|a В кн. также: Из ст. В. Г. Белинского, помещ. в "Петербургском сборнике" (1846 г.)
|
| 610 |
1 |
|
|a русская литература
|
| 610 |
1 |
|
|a Россия
|
| 610 |
1 |
|
|a 19 век
|
| 675 |
|
|
|a Р1
|z rus
|
| 700 |
|
1 |
|a Достоевский
|b Ф. М.
|c русский писатель
|f 1821-1881
|g Федор Михайлович
|2 stltpush
|3 (RuTPU)RU\TPU\pers\1038
|9 461
|
| 801 |
|
0 |
|a RU
|b RuMRKP
|c 19950704
|g psbo
|
| 801 |
|
1 |
|a RU
|b 63413507
|c 20070409
|g PSBO
|
| 801 |
|
2 |
|a RU
|b 63413507
|c 20070813
|g PSBO
|
| 942 |
|
|
|c BK
|